000 00636nam a2200181Ia 4500
008 151018s9999 xx 000 0 und d
082 _bRBASDV63613
_a891.463
100 _aअभिमन्यू मगर
245 _aकशासाठी पोटासाठी
250 _b2
260 _b"अरिहंत पब्लिकेशन,पुणे"
_c2013
300 _a48
600 _aअभिमन्यू मगर
630 _aकशासाठी पोटासाठी
700 _aअभिमन्यू मगर
730 _aकशासाठी पोटासाठी
942 _cBOOK
999 _c1055955
_d1055952